Zdravotné stredisko Suchá Hora
Gespeichert in:
| 1. Verfasser: | |
|---|---|
| Weitere Verfasser: | |
| Format: | Manuskript Buch |
| Sprache: | Slowakisch |
| Veröffentlicht: |
2025
|
| Schlagworte: | |
| Online-Zugang: | http://is.stuba.sk/zp/portal_zp.pl?podrobnosti=182561 CRZP |
| Tags: |
Keine Tags, Fügen Sie das erste Tag hinzu!
|
MARC
| LEADER | 00000ntm a22000003a 4500 | ||
|---|---|---|---|
| 001 | stuzp105890 | ||
| 003 | SK-STU | ||
| 005 | 20250722135121.9 | ||
| 007 | ta | ||
| 008 | 150427s2015----xo-----f-mn---000-0-slo-d | ||
| 040 | |a STU |b slo | ||
| 041 | 0 | |a slo | |
| 100 | 1 | |a Červeňová, Katarína |u 010180 |4 aut |U SvF Stavebná fakulta |T SvF Katedra konštrukcií pozemných stavieb |X 103658 |U V180 |Y 18 |7 103658 | |
| 242 | 0 | 1 | |a Suchá Hora Health Center |y eng |
| 245 | 1 | 0 | |a Zdravotné stredisko Suchá Hora |
| 260 | |c 2025 | ||
| 650 | 4 | |a Global warming potential |2 eng | |
| 650 | 4 | |a Master’s thesis |2 eng | |
| 650 | 4 | |a Environmental assessment of the building |2 eng | |
| 650 | 4 | |a Health center |2 eng | |
| 650 | 4 | |a potenciál globálneho otepľovania |2 slo | |
| 650 | 4 | |a environmentálne posúdenie budovy |2 slo | |
| 650 | 4 | |a zdravotné stredisko |2 slo | |
| 650 | 4 | |a diplomová práca |2 slo | |
| 700 | 1 | |a Ingeli, Rastislav |u 010180 |k Z1 |4 ths |U SvF Stavebná fakulta |T SvF Katedra konštrukcií pozemných stavieb |X 23863 |U V180 |Y 18 |7 A000023863 | |
| 856 | 4 | |u http://is.stuba.sk/zp/portal_zp.pl?podrobnosti=182561 | |
| 856 | 4 | |u https://opac.crzp.sk/?fn=detailBiblioForm&sid=226A7A544DA3649F6D573FE9F6D0 |z CRZP | |